| 000 | 01227cam a22002054a 4500 | ||
|---|---|---|---|
| 005 | 20250605164041.0 | ||
| 008 | 250528s ||||||||||||||||||||||||d | ||
| 035 | _a16987 | ||
| 020 | _a1560983361 | ||
| 040 |
_aGR-AtMCL _bgre _dGR-AtMCL _eAACR2 |
||
| 245 | 1 | _aOthers Knowing Others / Perspectives on Ethnographic Careers | |
| 260 |
_bSmithsonian Institution Press, _c1994 |
||
| 300 | _a234 | ||
| 520 | _aTen senior anthropologists present a composite portrait of cultural anthropology since World War II, recounting how changes in the discipline have opened up new approaches and new problems. Preface, Introduction, Honored Guest and Marginal Man: Long-Term Field Research and Predicaments of a Native Anthropologist, Interpreting Skulls: Reflections of Fieldwork in Malaysia, Changes owner Time in an African Culture and in an Anthropologist, Time on Our Hands, Beginning to Understand: Twenty-Eight Years of Fieldwork in the Great Basin of Western North America, Years and Careers, Reflections on Fieldwork with Little People of America: Myths and Methods, Afterthoughts, Contributors. | ||
| 700 | 1 |
_aFowler Don D _93109 |
|
| 700 | 1 |
_aHardesty Donald L _93110 |
|
| 942 | _cBK | ||
| 999 |
_c2429 _d2429 |
||